| 000 | 01687nam a2200373 a 4500 | ||
|---|---|---|---|
| 001 | dia_5799 | ||
| 003 | CHAP | ||
| 005 | 20251217130952.0 | ||
| 007 | ta | ||
| 008 | 220117s1990 mx ad f 001 0 spa d | ||
| 040 |
_cCHAP _amxchpua |
||
| 090 |
_aT.C.96 _bS26 SAI _c1990 |
||
| 245 | 1 | 0 |
_aSistema agroindustrial oleaginosas en Sinaloa / _ccoordinador Horacio Vinicio Santoyo Cortés ; colaborador Dora A. Avalos de la Cruz...[et al.] |
| 260 |
_aMéxico : _bEl autor, _c1990 |
||
| 300 |
_acerca 100 hojas : _bgráficas, tablas |
||
| 336 |
_2rdacontent _atexto _btxt |
||
| 337 |
_2rdamedia _asin medio _bn |
||
| 338 |
_2rdacarrier _avolumen _bnc |
||
| 500 | _aDirectorio: h. 83 | ||
| 502 |
_aViaje de estudios _b(SAI) -- UACh. _cDepartamento de Ingeniería Agroindustrial, _d1990 |
||
| 505 | _aEmpresas visitadas: 1.Grupo Grusol -- 2.Union de Ejidos del Margen Derecho del Río Culiacán -- 3. INFAP, Campo Experimental del valle de Culiacán -- 4. UEPA Angostura -- 5. Unión de Ejidos Salvador Alvarado -- 6. Unión de Ejidos de Mocorito -- 7. ARIC Libertad -- 8. FIRA Banco de México -- 9. PACSA Pastas y Aceites Corerepe, S. A. de C. V. | ||
| 650 | 1 | 0 |
_aIndustria de la grasa y el aceite _zMéxico _zSinaloa _9159744 |
| 650 | 1 | 3 |
_aOilseeds _9152851 |
| 650 | 1 | 3 |
_aOleaginosas _9143465 |
| 650 | 1 | 0 |
_aFats and oils industry _zMexico _zSinaloa _9159743 |
| 700 | 1 |
_aSantoyo Cortés, Vinicio Horacio _9147239 _ecoordinador |
|
| 700 | 1 |
_aAvalos de la Cruz, Dora Angélica _98448 _ecolaborador |
|
| 901 | _aT.C.96 S26 SAI 1990 | ||
| 902 | _aM | ||
| 905 | _a4332271990 mx mn 8223123322spa16 | ||
| 942 | _2local | ||
| 942 | _cVE | ||
| 999 |
_c176930 _d176930 |
||